000 00411nam a2200193Ia 4500
001 11569
003 GE_BSU
008 181216s||||||||xx |||||||||||||| ||und||
020 _a9780553812749
040 _cGE_BSU
100 _aBingham,Charlotte
245 4 _aThe Blue Note
260 _aLondon
260 _bBantam Books
260 _c2000
300 _a567p;18cm.
653 _aThe Blue Note
942 _cBK
999 _c44764
_d44764